[Event "Panevezys Gigant op-A"]
[Site "Panevezys"]
[Date "2017.08.23"]
[Round "7"]
[White "Ramanauskas, Leonas"]
[Black "Leclere, Daniel"]
[Result "1-0"]
[WhiteElo "1709"]
[BlackElo "1540"]
[PlyCount "63"]
[EventDate "2017.08.19"]
[EventType "swiss"]
[EventRounds "9"]
[EventCountry "LTU"]
[SourceTitle "EXT 2019"]
[Source "ChessBase"]
[SourceDate "2018.10.10"]
[SourceVersion "1"]
[SourceVersionDate "2018.10.10"]
[SourceQuality "1"]

1. e4 d6 2. d4 Nf6 3. Nc3 g6 4. Be2 a6 5. Be3 Bg7 6. Qd2 b5 7. a3 Bb7 8. f3 0-0 9. h4 e5 10. d5 Nh5 11. Rh3 Bc8 12. g4 Nf6 13. 0-0-0 Nbd7 14. Bh6 Nb6 15. b3 Nh5 16. gxh5 Bxh3 17. Bxg7 Kxg7 18. h6+ Kh8 19. Nxh3 f6 20. f4 Qb8 21. h5 Rg8 22. fxe5 dxe5 23. hxg6 Rxg6 24. Bh5 Rg3 25. Qf2 Qf8 26. Qxg3 Qxa3+ 27. Kb1 Rg8 28. Qf2 Rf8 29. Qg3 Rg8 30. Qf3 Rf8 31. Rg1 Nc4 32. Rg8+ 1-0

[Event "Panevezys Gigant op-A"]
[Site "Panevezys"]
[Date "2017.08.19"]
[Round "1"]
[White "Kudarauskas, Nojus"]
[Black "Ramanauskas, Leonas"]
[Result "1/2-1/2"]
[WhiteElo "1105"]
[BlackElo "1709"]
[PlyCount "62"]
[EventDate "2017.08.19"]
[EventType "swiss"]
[EventRounds "9"]
[EventCountry "LTU"]
[SourceTitle "EXT 2019"]
[Source "ChessBase"]
[SourceDate "2018.10.10"]
[SourceVersion "1"]
[SourceVersionDate "2018.10.10"]
[SourceQuality "1"]

1. d4 Nf6 2. c4 e6 3. Nf3 d5 4. Nc3 Bb4 5. e3 0-0 6. Bd2 Re8 7. cxd5 exd5 8. h3 Nbd7 9. Be2 Bxc3 10. Bxc3 Ne4 11. Bb4 a5 12. Bd2 Ndf6 13. 0-0 Nxd2 14. Nxd2 h6 15. Bf3 Nh7 16. Re1 Qg5 17. h4 Qxh4 18. Bxd5 Ng5 19. Nf3 Qg4 20. Nxg5 Qxg5 21. Qf3 Re7 22. Bxb7 Bxb7 23. Qxb7 Rae8 24. Rac1 c5 25. Qb5 cxd4 26. Qxg5 hxg5 27. Rc5 Re5 28. Rxe5 Rxe5 29. Kf1 Rb5 30. Re2 dxe3 31. Rxe3 f5 1/2-1/2

[Event "Panevezys op-B"]
[Site "Panevezys"]
[Date "2017.07.03"]
[Round "1"]
[White "Ramanauskas, Leonas"]
[Black "Kipluka, Anna Krista"]
[Result "1-0"]
[WhiteElo "1692"]
[BlackElo "1156"]
[PlyCount "101"]
[EventDate "2017.07.03"]
[EventType "swiss"]
[EventRounds "9"]
[EventCountry "LTU"]
[SourceTitle "EXT 2018"]
[Source "ChessBase"]
[SourceDate "2017.10.13"]
[SourceVersion "1"]
[SourceVersionDate "2017.10.13"]
[SourceQuality "1"]

1. e4 c6 2. Nf3 d5 3. exd5 cxd5 4. d4 Nf6 5. Bd3 Bg4 6. h3 Bxf3 7. Qxf3 Nc6 8. Bd2 Nxd4 9. Qe3 Nc6 10. 0-0 g6 11. Bb5 Bg7 12. Re1 0-0 13. Bxc6 bxc6 14. Bb4 Ne4 15. c3 Re8 16. f3 Nd6 17. Nd2 Qc7 18. g4 e6 19. Kg2 f5 20. Bxd6 Qxd6 21. Rad1 fxg4 22. hxg4 Re7 23. Nc4 Qc7 24. Ne5 Bxe5 25. Qxe5 Qxe5 26. Rxe5 Rb8 27. b3 a5 28. Rd4 Ra8 29. c4 Kg7 30. cxd5 cxd5 31. Rdxd5 a4 32. b4 exd5 33. Rxe7+ Kh6 34. Rd7 Rb8 35. a3 Rc8 36. Ra7 d4 37. Kf2 Rc2+ 38. Ke1 d3 39. Rxa4 Re2+ 40. Kd1 Rf2 41. b5 Rb2 42. Rb4 Rf2 43. b6 Rxf3 44. b7 Rf1+ 45. Kd2 Rf2+ 46. Kxd3 Rf3+ 47. Ke2 Rh3 48. b8Q Rh2+ 49. Qxh2+ Kg7 50. Rb7+ Kg8 51. Qb8# 1-0

[Event "Panevezys op-B"]
[Site "Panevezys"]
[Date "2016.06.12"]
[Round "7"]
[White "Ramanauskas, Leonas"]
[Black "Golsta, Ramona"]
[Result "1/2-1/2"]
[WhiteElo "1722"]
[BlackElo "1515"]
[PlyCount "71"]
[EventDate "2016.06.09"]
[EventType "swiss"]
[EventRounds "7"]
[EventCountry "LTU"]
[SourceTitle "CBM 172 Extra"]
[Source "ChessBase"]
[SourceDate "2016.06.21"]
[SourceVersion "1"]
[SourceVersionDate "2016.06.21"]
[SourceQuality "1"]

1. e4 c5 2. Nf3 Nc6 3. d4 cxd4 4. Nxd4 e5 5. Nb3 Nf6 6. Nc3 Bb4 7. Bd3 d5 8. Bd2 Bxc3 9. Bxc3 dxe4 10. Bb5 Qxd1+ 11. Rxd1 Bd7 12. Nc5 a6 13. Ba4 b5 14. Bb3 Ke7 15. Nxd7 Nxd7 16. Bxf7 Nf6 17. Bb3 Rad8 18. 0-0 a5 19. a4 b4 20. Bd2 Nd4 21. Bg5 Nxb3 22. cxb3 Rd3 23. f4 exf4 24. Rde1 Re3 25. Bxf4 Rxb3 26. Be5 Rf8 27. Bxf6+ Rxf6 28. Rxe4+ Kf7 29. Rxf6+ Kxf6 30. Re2 Rd3 31. Kf2 b3 32. Ke1 Rd4 33. Re3 Rxa4 34. Rxb3 Ra2 35. Kd1 Ra1+ 36. Kc2 1/2-1/2

[Event "Panevezys op-B 26th"]
[Site "Panevezys"]
[Date "2013.08.18"]
[Round "8"]
[White "Ivanauskas, Raimundas"]
[Black "Ramanauskas, Leonas"]
[Result "1-0"]
[WhiteElo "1738"]
[BlackElo "1758"]
[PlyCount "59"]
[EventDate "2013.08.12"]
[EventType "swiss"]
[EventRounds "8"]
[EventCountry "LTU"]
[SourceTitle "CBM 155 Extra"]
[Source "ChessBase"]
[SourceDate "2013.08.26"]
[SourceVersion "1"]
[SourceVersionDate "2013.08.26"]
[SourceQuality "1"]

1. e4 e5 2. Nc3 Nc6 3. Bc4 Nf6 4. Nf3 Be7 5. d4 exd4 6. Nxd4 0-0 7. 0-0 a6 8. Re1 d6 9. Nxc6 bxc6 10. Bg5 Rb8 11. e5 Ng4 12. Bxe7 Qxe7 13. exd6 Qh4 14. h3 Nxf2 15. Qf3 Nxh3+ 16. gxh3 Qxc4 17. dxc7 Rb7 18. Qg3 Be6 19. Rad1 Qc5+ 20. Kh2 Qe7 21. Qd6 Qxc7 22. b3 h5 23. Re5 Qxd6 24. Rxd6 Rd7 25. Rexe6 fxe6 26. Rxd7 Rf2+ 27. Kg3 Rxc2 28. Ne4 Rxa2 29. Ng5 Re2 30. Rd8# 1-0

[Event "Panevezys op 25th"]
[Site "Panevezys"]
[Date "2012.08.19"]
[Round "9"]
[White "Zukauskas, Arnas Povilas"]
[Black "Ramanauskas, Leonas"]
[Result "1-0"]
[WhiteElo "1605"]
[BlackElo "1765"]
[PlyCount "71"]
[EventDate "2012.08.13"]
[EventType "swiss"]
[EventRounds "9"]
[EventCountry "LTU"]
[SourceTitle "CBM 149 Extra"]
[Source "ChessBase"]
[SourceDate "2012.08.24"]
[SourceVersion "1"]
[SourceVersionDate "2012.08.24"]
[SourceQuality "1"]

1. e4 c5 2. Nf3 d6 3. d4 cxd4 4. Nxd4 Nf6 5. Nc3 a6 6. Be3 e6 7. Be2 Be7 8. f4 Qc7 9. 0-0 0-0 10. Bf3 Nc6 11. h3 Bd7 12. Kh1 Rfd8 13. g4 e5 14. Nf5 Bxf5 15. exf5 exf4 16. Bxf4 Ne5 17. g5 Ne8 18. Nd5 Qd7 19. Bxe5 dxe5 20. Qe2 Bxg5 21. Nb6 Qxf5 22. Bg4 Qg6 23. Nxa8 Bf4 24. Rad1 Rxa8 25. Qd3 Qb6 26. b3 g6 27. Bf3 Ng7 28. Qd6 Qe3 29. Rd3 Qa7 30. Qd7 Qc5 31. c4 Nf5 32. Bd5 Rf8 33. Qxb7 Qa3 34. Qa7 Ng3+ 35. Rxg3 Bxg3 36. Rxf7 1-0

[Event "Panevezys op-B 24th"]
[Site "Panevezys"]
[Date "2011.08.12"]
[Round "5"]
[White "Ramanauskas, Leonas"]
[Black "Voronov, Vadim"]
[Result "0-1"]
[WhiteElo "1808"]
[BlackElo "1913"]
[PlyCount "64"]
[EventDate "2011.08.09"]
[EventType "swiss"]
[EventRounds "9"]
[EventCountry "LTU"]
[SourceTitle "CBM 144 Extra"]
[Source "ChessBase"]
[SourceDate "2011.10.28"]
[SourceVersion "1"]
[SourceVersionDate "2011.10.28"]
[SourceQuality "1"]

1. e4 c5 2. Nf3 Nc6 3. Nc3 e5 4. Bc4 d6 5. d3 Be7 6. h3 a6 7. a4 Nf6 8. 0-0 0-0 9. Bd2 h6 10. Nd5 Nxd5 11. Bxd5 Kh8 12. c3 f5 13. exf5 Bxf5 14. Be4 Qd7 15. c4 Rf7 16. Kh2 Raf8 17. Be3 Qe6 18. Bd5 Qg6 19. Bxf7 Rxf7 20. Ne1 Nb4 21. Ra3 Bg5 22. g4 Bd7 23. Qd2 Bf4+ 24. Bxf4 Rxf4 25. Ng2 Rd4 26. f4 e4 27. f5 Qf6 28. Kg1 exd3 29. Nf4 Rxc4 30. Rxd3 Nxd3 31. Qxd3 Rxa4 32. Re1 Rxf4 0-1

[Event "Panevezys op-B 24th"]
[Site "Panevezys"]
[Date "2011.08.10"]
[Round "3"]
[White "Ramanauskas, Leonas"]
[Black "Svitojus, Zygimantas"]
[Result "0-1"]
[WhiteElo "1808"]
[BlackElo "1933"]
[PlyCount "35"]
[EventDate "2011.08.09"]
[EventType "swiss"]
[EventRounds "9"]
[EventCountry "LTU"]
[SourceTitle "CBM 144 Extra"]
[Source "ChessBase"]
[SourceDate "2011.10.28"]
[SourceVersion "1"]
[SourceVersionDate "2011.10.28"]
[SourceQuality "1"]

1. e4 c5 2. Nf3 e6 3. Nc3 Nc6 4. d4 cxd4 5. Nxd4 Qc7 6. Nxc6 bxc6 7. g3 d5 8. Bg2 Ba6 9. exd5 cxd5 10. Qg4 Qd7 11. Be3 Nf6 12. Qd4 Be7 13. 0-0-0 0-0 14. Bf1 Bxf1 15. Rhxf1 Rfc8 16. Rd2 Qb7 17. b3 Bc5 18. Qa4 0-1

[Event "Panevezys Cesnauskas Memorial-B"]
[Site "Panevezys"]
[Date "2009.04.22"]
[Round "4"]
[White "Pauzolis, Regimantas"]
[Black "Ramanauskas, Leonas"]
[Result "1/2-1/2"]
[WhiteElo "1950"]
[BlackElo "1810"]
[PlyCount "104"]
[EventDate "2009.04.20"]
[EventType "tourn"]
[EventRounds "9"]
[EventCountry "LTU"]
[SourceTitle "EXT 2023"]
[Source "ChessBase"]
[SourceDate "2022.10.05"]
[SourceVersion "1"]
[SourceVersionDate "2022.10.05"]
[SourceQuality "1"]

1. d4 Nf6 2. c4 g6 3. Nc3 Bg7 4. Nf3 d6 5. h3 0-0 6. e3 b6 7. Be2 Bb7 8. b3 Nbd7 9. Bb2 e6 10. 0-0 Ne4 11. Nxe4 Bxe4 12. Nd2 Bb7 13. Bf3 Bxf3 14. Nxf3 e5 15. dxe5 Nxe5 16. Bxe5 Bxe5 17. Rc1 Qe7 18. Qd5 Rfc8 19. Rfd1 a5 20. a4 Bf6 21. Rd2 Re8 22. Qc6 Rad8 23. Ne1 h6 24. Nd3 Bg5 25. Rcd1 Bf6 26. Nf4 Qd7 27. Qf3 Bg7 28. Qd5 Re5 29. Qb7 Rg5 30. Kf1 Re5 31. Nd5 c6 32. Qxd7 Rxd7 33. Nxb6 Rb7 34. Nc8 Rxb3 35. Rxd6 Rb4 36. Rxc6 Rxa4 37. Rd8+ Bf8 38. Nb6 Ra1+ 39. Ke2 Kg7 40. Nd5 Ra2+ 41. Kd3 Bb4 42. Kd4 Re7 43. c5 Rd2+ 44. Kc4 Re4+ 45. Kb5 Rxf2 46. Rcc8 h5 47. Rh8 f6 48. Rhg8+ Kh7 49. Nf4 Re5 50. Rh8+ Kg7 51. Rcg8+ Kf7 52. Rf8+ Kg7 1/2-1/2

[Event "Panevezys Cesnauskas Memorial-B"]
[Site "Panevezys"]
[Date "2009.04.21"]
[Round "2"]
[White "Surzikovs, Rudolfs"]
[Black "Ramanauskas, Leonas"]
[Result "1/2-1/2"]
[WhiteElo "1839"]
[BlackElo "1810"]
[PlyCount "76"]
[EventDate "2009.04.20"]
[EventType "tourn"]
[EventRounds "9"]
[EventCountry "LTU"]
[SourceTitle "EXT 2023"]
[Source "ChessBase"]
[SourceDate "2022.10.05"]
[SourceVersion "1"]
[SourceVersionDate "2022.10.05"]
[SourceQuality "1"]

1. d4 Nf6 2. c4 g6 3. Nc3 Bg7 4. Nf3 d6 5. e4 0-0 6. Be2 Nbd7 7. h3 e5 8. Bg5 exd4 9. Nxd4 c6 10. 0-0 Re8 11. Qd2 Qc7 12. f3 Nh5 13. Bh4 Nf4 14. Rad1 Nxe2+ 15. Ndxe2 Bf8 16. b3 f6 17. Bg3 Ne5 18. f4 Nf7 19. Qd4 Qb6 20. Qxb6 axb6 21. a4 Be7 22. Bf2 Bd8 23. g4 g5 24. f5 Bc7 25. Ng3 Ne5 26. Kg2 Kf7 27. Bd4 Re7 28. Rd2 Bd7 29. Nh5 Rc8 30. Rfd1 Be8 31. Bxe5 Rxe5 32. Kf3 Kg8 33. Ng3 Bf7 34. Rh1 b5 35. axb5 Ba5 36. Rc2 cxb5 37. Nd5 Bxd5 38. exd5 Rxd5 1/2-1/2

[Event "Panevezys-ch B"]
[Site "Panevezys"]
[Date "2007.04.01"]
[Round "11.6"]
[White "Ramanauskas, Leonas"]
[Black "Dapkuviene, Lina"]
[Result "1-0"]
[WhiteElo "1868"]
[BlackElo "1841"]
[PlyCount "51"]
[EventDate "2007.02.04"]
[EventType "tourn"]
[EventRounds "13"]
[EventCountry "LTU"]
[SourceTitle "EXT 2024"]
[Source "ChessBase"]
[SourceDate "2023.10.10"]
[SourceVersion "1"]
[SourceVersionDate "2023.10.10"]
[SourceQuality "1"]

1. e4 c5 2. Nf3 Nc6 3. d4 cxd4 4. Nxd4 e5 5. Nxc6 bxc6 6. Nc3 Nf6 7. Bg5 Be7 8. Bc4 0-0 9. 0-0 Qb6 10. Bb3 a5 11. Be3 Bc5 12. Na4 Qc7 13. Bxc5 Re8 14. f3 d5 15. Kh1 dxe4 16. fxe4 Bg4 17. Qe1 Bh5 18. h3 Bg6 19. Nc3 Kh8 20. Qe3 Nh5 21. a4 Rab8 22. Rad1 Rb7 23. Rd6 Qc8 24. Rfd1 Nf6 25. Bb6 Nxe4 26. Rd8 1-0

[Event "Panevezys-ch B"]
[Site "Panevezys"]
[Date "2007.04.01"]
[Round "10.2"]
[White "Savickas, Petras"]
[Black "Ramanauskas, Leonas"]
[Result "1/2-1/2"]
[WhiteElo "1730"]
[BlackElo "1868"]
[PlyCount "21"]
[EventDate "2007.02.04"]
[EventType "tourn"]
[EventRounds "13"]
[EventCountry "LTU"]
[SourceTitle "EXT 2024"]
[Source "ChessBase"]
[SourceDate "2023.10.10"]
[SourceVersion "1"]
[SourceVersionDate "2023.10.10"]
[SourceQuality "1"]

1. c4 c5 2. Nc3 Nc6 3. g3 g6 4. Bg2 Bg7 5. Nf3 e6 6. 0-0 Nge7 7. d3 0-0 8. Ne4 d6 9. Nfd2 Qc7 10. Nb3 a6 11. a3 1/2-1/2

[Event "Panevezys-ch B"]
[Site "Panevezys"]
[Date "2007.03.11"]
[Round "7.7"]
[White "Urbonaviciute, Zivile"]
[Black "Ramanauskas, Leonas"]
[Result "0-1"]
[WhiteElo "1412"]
[BlackElo "1868"]
[PlyCount "54"]
[EventDate "2007.02.04"]
[EventType "tourn"]
[EventRounds "13"]
[EventCountry "LTU"]
[SourceTitle "EXT 2024"]
[Source "ChessBase"]
[SourceDate "2023.10.10"]
[SourceVersion "1"]
[SourceVersionDate "2023.10.10"]
[SourceQuality "1"]

1. e4 e5 2. Nf3 Nc6 3. d4 exd4 4. Nxd4 Bc5 5. Be3 Qf6 6. c3 Nge7 7. Bc4 0-0 8. Nc2 Ne5 9. Bxf7+ Qxf7 10. Bxc5 d6 11. Bd4 Bg4 12. f3 Nxf3+ 13. gxf3 Bxf3 14. Rf1 Qh5 15. Qd2 Bxe4 16. Qe2 Rxf1+ 17. Kxf1 Qf5+ 18. Ke1 Bxc2 19. Qxe7 Qg6 20. Qe2 Re8 21. Be3 Bxb1 22. a4 Bd3 23. Qf2 Rf8 24. Qh4 Qg2 25. Bf2 Qe4+ 26. Kd2 Qe2+ 27. Kc1 Qc2# 0-1